000 00295nam a22001337a 4500
008 181017b xxu||||| |||| 00| 0 eng d
020 _a0684180901
041 _aeng
080 _a370
100 _a48
101 _aEDU
245 _aThe Young Writers Handbook
_cSusan.S
942 _2udc
_cBK
999 _c49969
_d49969